The economics and uncertainties of nuclear power / (Record no. 355739)
[ view plain ]
| 000 -LEADER | |
|---|---|
| fixed length control field | 01453cam a22003258i 4500 |
| 001 - CONTROL NUMBER | |
| control field | 18289346 |
| 003 - CONTROL NUMBER IDENTIFIER | |
| control field | USPCAS-E |
| 005 - DATE AND TIME OF LATEST TRANSACTION | |
| control field | 20180118181412.0 |
| 008 - FIXED-LENGTH DATA ELEMENTS--GENERAL INFORMATION | |
| fixed length control field | 140902s2014 enk b 001 0 eng |
| 010 ## - LIBRARY OF CONGRESS CONTROL NUMBER | |
| LC control number | 2014034985 |
| 020 ## - INTERNATIONAL STANDARD BOOK NUMBER | |
| International Standard Book Number | 9781107087286 (hardback) |
| 035 ## - SYSTEM CONTROL NUMBER | |
| System control number | (DNAL)1294103 |
| 040 ## - CATALOGING SOURCE | |
| Original cataloging agency | DNAL/DLC |
| Language of cataloging | eng |
| Description conventions | rda |
| Transcribing agency | DNAL |
| 042 ## - AUTHENTICATION CODE | |
| Authentication code | pcc |
| 050 00 - LIBRARY OF CONGRESS CALL NUMBER | |
| Classification number | HD9698 |
| Item number | .L48 2014 |
| 070 0# - NATIONAL AGRICULTURAL LIBRARY CALL NUMBER | |
| Classification number | HD9698.A2 |
| Item number | L48 2014 |
| 082 00 - DEWEY DECIMAL CLASSIFICATION NUMBER | |
| Classification number | 333.7924 |
| Edition number | 23 |
| Author Mark | LEV-E 2015 |
| 100 1# - MAIN ENTRY--PERSONAL NAME | |
| Personal name | Lévêque, François, |
| Relator term | author. |
| 245 14 - TITLE STATEMENT | |
| Title | The economics and uncertainties of nuclear power / |
| Statement of responsibility, etc. | François Lévêque. |
| 263 ## - PROJECTED PUBLICATION DATE | |
| Projected publication date | 1412 |
| 300 ## - PHYSICAL DESCRIPTION | |
| Extent | pages cm |
| 502 ## - DISSERTATION NOTE | |
| Dissertation note | 0 |
| 504 ## - BIBLIOGRAPHY, ETC. NOTE | |
| Bibliography, etc. note | Includes bibliographical references and index. |
| 505 0# - FORMATTED CONTENTS NOTE | |
| Formatted contents note | Adding up costs -- The curse of rising costs -- Nuclear power and its alternatives -- Calculating risk -- Perceived probabilities and aversion to disaster -- The magic of Bayesian analysis -- Does nuclear safety need to be regulated? -- The basic rules of regulation -- What goal should be set for safety and how is it to be attained? -- Adopting nuclear power -- Nuclear exit -- Supranational governance: learning from Europe -- International governance to combat proliferation; politics and trade. |
| 650 #0 - SUBJECT ADDED ENTRY--TOPICAL TERM | |
| Topical term or geographic name entry element | Nuclear industry. |
| 650 #0 - SUBJECT ADDED ENTRY--TOPICAL TERM | |
| Topical term or geographic name entry element | Nuclear energy |
| General subdivision | Government policy. |
| 906 ## - LOCAL DATA ELEMENT F, LDF (RLIN) | |
| a | 7 |
| b | cbc |
| c | orignew |
| d | 1 |
| e | ecip |
| f | 20 |
| g | y-gencatlg |
| 942 ## - ADDED ENTRY ELEMENTS (KOHA) | |
| Source of classification or shelving scheme | |
| Koha item type | Book |
| Withdrawn status | Lost status | Source of classification or shelving scheme | Damaged status | Not for loan | Collection code | Permanent Location | Current Location | Shelving location | Date acquired | Source of acquisition | Cost, normal purchase price | Total Checkouts | Full call number | Barcode | Date last seen | Price effective from | Koha item type | Copy number |
|---|---|---|---|---|---|---|---|---|---|---|---|---|---|---|---|---|---|---|
| US-Pakistan Center for Advanced Studies in Energy (USPCAS-E) | US-Pakistan Center for Advanced Studies in Energy (USPCAS-E) | 12/11/2015 | Progressive | 5980.00 | 333.7924 LEV-E 2015 | CAS-E0000863 | 12/11/2015 | 12/11/2015 | Book | |||||||||
| US-Pakistan Center for Advanced Studies in Energy (USPCAS-E) | US-Pakistan Center for Advanced Studies in Energy (USPCAS-E) | 12/11/2015 | Progressive | 5980.00 | 333.7924 LEV-E 2015 | CAS-E0000864 | 12/11/2015 | 12/11/2015 | Book | 2 |
